000 00550nam a22001817a 4500
005 20170613152258.0
010 _aENG-118618
020 _a9789381509456
_c800.00
035 _aEN-102150
037 _bDBAD/PUB
082 _a297
100 _aZubair Zafar Khan
245 _aMuslim progress index A /
_cby Zubair Zafar Khan
260 _aNew Delhi
_bMaktaba Shah Waliullah
_c2015
270 _aB-25/1, Rehman Complex, Jogabai, Jamia Nagar, Okhla, New Delhi-110025
300 _a304p
_c24cm.(Hb)
942 _2ddc
_cEN
_h297
_mKHA
999 _c141059
_d141059